Biology for engineers (Record no. 240687)

MARC details
000 -LEADER
fixed length control field 01170nam a22002177a 4500
003 - CONTROL NUMBER IDENTIFIER
control field St Aloysius Coll
005 - DATE AND TIME OF LATEST TRANSACTION
control field 20260130123339.0
008 - FIXED-LENGTH DATA ELEMENTS--GENERAL INFORMATION
fixed length control field 251128b |||||||| |||| 00| 0 eng d
020 ## - INTERNATIONAL STANDARD BOOK NUMBER
International Standard Book Number 9780199498741
040 ## - CATALOGING SOURCE
Transcribing agency AL
041 ## - LANGUAGE CODE
Language code of text/sound track or separate title English
082 ## - DEWEY DECIMAL CLASSIFICATION NUMBER
Classification number 620.8
Item number SURB
100 ## - MAIN ENTRY--PERSONAL NAME
Personal name Suraishkumar G K
9 (RLIN) 247112
245 ## - TITLE STATEMENT
Title Biology for engineers
260 ## - PUBLICATION, DISTRIBUTION, ETC.
Place of publication, distribution, etc. New Delhi
Name of publisher, distributor, etc. Oxford University Press
Date of publication, distribution, etc. 2019
300 ## - PHYSICAL DESCRIPTION
Extent vii,221p
Other physical details PB
Dimensions 24x18cm.
365 ## - TRADE PRICE
Source of price type code General
Price type code XNRF-1358090
Currency code
Price effective from 13/11/2025
Price amount ₹372.00
520 ## - SUMMARY, ETC.
Summary, etc. Adopts a narrative presentation to ensure ease of learning for students from varied engineering streams Provides reflection points interspersed in every chapter to kindle further interest in the students' mind Includes additional information at the end of each chapter to encourage deeper and wider learning Provides chapter-end multiple-choice questions (MCQs) for summative assessment of learnt concepts<br/>Includes glossary of key terms Contains appendices discussion topics, such as Gram Staining, Glycolysis, Derivation of the Michaelis-Menten equation, and Genetic Modi.
650 ## - SUBJECT ADDED ENTRY--TOPICAL TERM
Source of heading or term Biology
Topical term or geographic name entry element Engineering
9 (RLIN) 247113
942 ## - ADDED ENTRY ELEMENTS (KOHA)
Source of classification or shelving scheme Dewey Decimal Classification
Koha item type Book
Holdings
Withdrawn status Lost status Source of classification or shelving scheme Damaged status Not for loan Collection code Home library Current library Date acquired Source of acquisition Cost, normal purchase price Total Checkouts Full call number Barcode Date last seen Price effective from Koha item type
    Dewey Decimal Classification     Physics St Aloysius PG Library St Aloysius PG Library 11/28/2025 Amazon 372.00   620.8 SURB PG025143 11/28/2025   Book
    Dewey Decimal Classification     Physics St Aloysius PG Library St Aloysius PG Library 11/28/2025 Amazon 372.00   620.8 SURB PG025144 11/28/2025   Book